|
|
|
|
| LEADER |
00000nam0a2200000 4500 |
| 001 |
367981 |
| 005 |
20231102012034.0 |
| 035 |
|
|
|a (RuTPU)RU\TPU\retro\25344
|
| 090 |
|
|
|a 367981
|
| 100 |
|
|
|a 20220328d1980 km y0rusy50 ca
|
| 101 |
0 |
|
|a rus
|
| 102 |
|
|
|a RU
|
| 105 |
|
|
|a a z 001zy
|
| 200 |
1 |
|
|a Рабочие Восточной Сибири на пути к развитому социализму 1945-1969 г. г.
|f Г. М. Макиевский
|g Сибирский технологический институт ; Сибирский технологический институт
|
| 210 |
|
|
|a Красноярск
|c Красноярское книжное издательство
|d 1980
|
| 215 |
|
|
|a 208 с.
|c ил.
|
| 320 |
|
|
|a Библиогр.: с. 180-204
|
| 606 |
1 |
|
|a Рабочий класс в СССР
|2 stltpush
|3 (RuTPU)RU\TPU\subj\22267
|9 47073
|
| 610 |
1 |
|
|a Восточная Сибирь
|
| 610 |
1 |
|
|a развитой социализм
|
| 610 |
1 |
|
|a индустриализация
|
| 610 |
1 |
|
|a послевоенный период
|
| 610 |
1 |
|
|a партийное руководство
|
| 610 |
1 |
|
|a КПСС
|
| 610 |
1 |
|
|a местные органы
|
| 610 |
1 |
|
|a партийные организации
|
| 610 |
1 |
|
|a трудовая активность
|
| 610 |
1 |
|
|a политическая активность
|
| 686 |
|
|
|a Ф3(2)111
|v LBC/SL-A
|2 rubbk
|
| 700 |
|
1 |
|a Макиевский
|b Г. М.
|g Григорий Моисеевич
|
| 712 |
0 |
2 |
|a Сибирский технологический институт
|c (Красноярск)
|c (1958-1994)
|2 stltpush
|3 (RuTPU)RU\TPU\col\17669
|9 26732
|
| 712 |
0 |
2 |
|a Сибирский технологический институт
|c (Красноярск)
|c (1958-1994)
|2 stltpush
|3 (RuTPU)RU\TPU\col\17669
|9 26732
|
| 801 |
|
1 |
|a RU
|b 63413507
|c 20220328
|
| 942 |
|
|
|c BK
|